• 首页
  • 本馆介绍
  • 公告通知
  • 最新文献
  • 馆藏检索
  • 电子资源
  • 读者导购
  • 参考咨询
  • 我的图书馆
  • 登录
  • 详细信息显示
  • 放入我的书架
  • 预约/预借图书
  • 作者相关作品
  • 分类相关作品
  • 丛书相关作品
  • 出版社相关作品

书目信息

  • 表格格式
  • 工作单格式
  • 卡片格式
题名:
档案信息检索
    
 
作者: 肖秋会 编著
分册:  
出版信息: 武汉   武汉大学出版社  2011.08
页数: 258页
开本: 24cm
丛书名:
单 册:
中图分类: G273.5
科图分类:
主题词: 档案--情报检索--高等学校--教材 , 档案 , 情报检索
电子资源:
ISBN: 978-7-307-09078-1
000 00883nam0 2200265 450
001 004965502
005 20120321101852.18
010    @a978-7-307-09078-1@dCNY27.00
100    @a20111103d2011 em y0chiy50 ea
101 0  @achi
102    @aCN@b420000
105    @aa z 000yy
106    @ar
200 1  @a档案信息检索@9dang an xin xi jian suo@f肖秋会编著
210    @a武汉@c武汉大学出版社@d2011.08
215    @a258页@c图@d24cm
300    @a普通高等教育精品规划教材 高等学校档案学专业系列教材 武汉大学“十一五”规划教材
330    @a本书内容包括:信息检索基础、档案信息检索概述、档案检索语言、档案著录、档案标引、档案检索工具、计算机档案信息检索系统等。
606 0  @a档案@x情报检索@x高等学校@j教材
606 0  @a档案
606 0  @a情报检索
690    @aG273.5@v4
701  0 @a肖秋会@9xiao qiu hui@4编著
801  0 @aCN@bNLC@c20111103
905    @b538634-40@dG273.5@e61@f7
    
    档案信息检索/肖秋会编著.-武汉:武汉大学出版社,2011.08
    258页:图;24cm
    普通高等教育精品规划教材 高等学校档案学专业系列教材 武汉大学“十一五”规划教材
    
    ISBN 978-7-307-09078-1:CNY27.00
    本书内容包括:信息检索基础、档案信息检索概述、档案检索语言、档案著录、档案标引、档案检索工具、计算机档案信息检索系统等。
●
相关链接 在E读中查询图书 在五车中查询图书 在当当中查询图书 在豆瓣中查询图书


正题名:档案信息检索     索取号:G273.5/61         预约/预借

序号 登录号 条形码 馆藏地/架位号 状态 备注
1 538634   205386349   第一样本阅览室/ [索取号:G273.5/61] 在馆    
2 538635   205386358   第四借阅区/ [索取号:G273.5/61] 在馆    
3 538636   205386367   第四借阅区/ [索取号:G273.5/61] 在馆    
4 538637   205386376   第四借阅区/ [索取号:G273.5/61] 在馆    
5 538638   205386385   第四借阅区/ [索取号:G273.5/61] 在馆    
6 538639   205386394   第四借阅区/ [索取号:G273.5/61] 在馆    
7 538640   205386401   第四借阅区/ [索取号:G273.5/61] 在馆    
唐山师范学院图书馆 欢迎您!
大连网信软件有限公司© 版权所有